The politics of social ecology : libertarian municipalism /

Bibliographic Details
Main Author: Biehl, Janet, 1953-
Other Authors: Bookchin, Murray, 1921-2006
Format: Book
Language:English
Published: Montréal : Black Rose, [1998]
Subjects:

MARC

Tag First Indicator Second Indicator Subfields
LEADER 00000cam a22000008a 4500
001 in00001406521
005 20151020072736.0
008 970703s1998 quc b 001 0 eng d
010 |a cn 97900726  
015 |a C97-900726-7 
020 |a 1551641003 (pbk.) :  |c $19.99 
020 |a 1551641011 (bound) :  |c $48.99 
035 |a (OCoLC)37491828 
035 |9 AHQ3461AM 
040 |a NLC  |b eng  |c NLC  |d IWA  |d GZM  |d TXA  |d UtOrBLW 
049 |a TXAM 
055 3 |a HT151  |b B665 1998 
082 0 0 |a 320.8  |2 21 
090 |a JS211  |b .B54 1998 
100 1 |a Biehl, Janet,  |d 1953- 
245 1 4 |a The politics of social ecology :  |b libertarian municipalism /  |c Janet Biehl and Murray Bookchin. 
263 |a 9801 
264 1 |a Montréal :  |b Black Rose,  |c [1998] 
264 4 |c ©1998 
300 |a x, 187 pages ;  |c 21 cm. 
336 |a text  |b txt  |2 rdacontent 
337 |a unmediated  |b n  |2 rdamedia 
338 |a volume  |b nc  |2 rdacarrier 
504 |a Includes bibliographical references. 
650 0 |a Municipal government. 
650 0 |a Social ecology. 
650 0 |a Libertarianism. 
700 1 |a Bookchin, Murray,  |d 1921-2006. 
948 |a c:jal 
999 |a MARS 
999 f f |s 391bd810-74b8-3e31-b6bf-a6eb62ad8d4d  |i ff07af21-66cf-3beb-a6af-cec548ab2d02  |t 0 
952 f f |p ric  |a Texas A&M University  |b Rellis Campus  |c Joint Library Facility  |d Remote Storage  |t 0  |e JS211 .B54 1998  |h Library of Congress classification  |i unmediated -- volume  |m A14823307559 
998 f f |a JS211 .B54 1998  |t 0  |l Remote Storage